Kvalita vedomostí získaných výučbou podporovanou počítačom
Motivácia študentov k využívaniu informačných technológií. Zjednodušenie odovzdávania vedomostí študentom pomocou informačných a komunikačných technológií. Podpora výučby pomocou dostupného matematického softvéru.
Enregistré dans:
| Auteur principal: | |
|---|---|
| Autres auteurs: | |
| Format: | Chapitre de livre |
| Langue: | slovaque |
| Sujets: | |
| Tags: |
Pas de tags, Soyez le premier à ajouter un tag!
|
MARC
| LEADER | 00000nla$a2200000$$$4500 | ||
|---|---|---|---|
| 001 | 0081970 | ||
| 005 | 20240502071924.4 | ||
| 041 | 0 | |a slo | |
| 044 | |a SK | ||
| 245 | 1 | 0 | |a Kvalita vedomostí získaných výučbou podporovanou počítačom |c Galina Horáková, Vladimír Mucha |
| 520 | |a Motivácia študentov k využívaniu informačných technológií. Zjednodušenie odovzdávania vedomostí študentom pomocou informačných a komunikačných technológií. Podpora výučby pomocou dostupného matematického softvéru. | ||
| 610 | 2 | 0 | |a motivácia |
| 610 | 2 | 0 | |a študenti |
| 610 | 2 | 0 | |a technológie informačné |
| 610 | 2 | 0 | |a technológie komunikačné |
| 610 | 2 | 0 | |a vedomosti |
| 610 | 2 | 0 | |a teória pravdepodobnosti |
| 610 | 2 | 0 | |a vyučovanie |
| 100 | 1 | |a Horáková, Galina | |
| 700 | 1 | |a Mucha, Vladimír, 1976- | |